Report of the High Level Working Group on Western Ghats (Record no. 511918)
[ view plain ]
| 000 -LEADER | |
|---|---|
| fixed length control field | 00308nam a2200109 4500 |
| 082 ## - DEWEY DECIMAL CLASSIFICATION NUMBER | |
| Classification number | O91x54 In2w |
| 100 ## - MAIN ENTRY--PERSONAL NAME | |
| Personal name | India.Ministry of Environment and Forests |
| 9 (RLIN) | 12409 |
| 245 ## - TITLE STATEMENT | |
| Title | Report of the High Level Working Group on Western Ghats |
| 260 ## - PUBLICATION, DISTRIBUTION, ETC. (IMPRINT) | |
| Place of publication, distribution, etc | New Delhi |
| Name of publisher, distributor, etc | The author |
| 300 ## - PHYSICAL DESCRIPTION | |
| Extent | 143p |
| 440 ## - SERIES STATEMENT/ADDED ENTRY--TITLE | |
| Volume number/sequential designation | v.1 |
| 9 (RLIN) | 12410 |
No items available.
